<?xml version="1.0" encoding="UTF-8"?>
<record
    xmlns:xsi="http://www.w3.org/2001/XMLSchema-instance"
    xsi:schemaLocation="http://www.loc.gov/MARC21/slim http://www.loc.gov/standards/marcxml/schema/MARC21slim.xsd"
    xmlns="http://www.loc.gov/MARC21/slim">

  <leader>00921nam a2200205 a 4500</leader>
  <controlfield tag="001">BRCA_4108</controlfield>
  <controlfield tag="005">20190320204540.0</controlfield>
  <controlfield tag="008">230310s2009----sp-a######---#000-0#spa-#</controlfield>
  <datafield tag="041" ind1=" " ind2=" ">
    <subfield code="a">spa</subfield>
  </datafield>
  <datafield tag="044" ind1=" " ind2=" ">
    <subfield code="a">sp</subfield>
  </datafield>
  <datafield tag="050" ind1=" " ind2="4">
    <subfield code="a">NA5060</subfield>
    <subfield code="b">.E87 2009</subfield>
  </datafield>
  <datafield tag="245" ind1="1" ind2="0">
    <subfield code="a">Esplendor recuperado</subfield>
    <subfield code="b">proyecto de investigaci&#xF3;n y restauraci&#xF3;n de los retablos del Nazareno y la Trinidad de la Catedral de Granada.</subfield>
  </datafield>
  <datafield tag="260" ind1=" " ind2=" ">
    <subfield code="a">[Espa&#xF1;a]</subfield>
    <subfield code="b">Instituto del Patrimonio Cultural de Espa&#xF1;a : Direcci&#xF3;n General de Bellas Artes y Bienes Culturales : Ministerio de Cultura</subfield>
    <subfield code="c">[2009]</subfield>
  </datafield>
  <datafield tag="300" ind1=" " ind2=" ">
    <subfield code="a">99 p.</subfield>
    <subfield code="b">il. (algunas a color)</subfield>
    <subfield code="c">23 cm.</subfield>
  </datafield>
  <datafield tag="500" ind1=" " ind2=" ">
    <subfield code="a">Cat&#xE1;logo de la exposici&#xF3;n realizada en el Instituto del Patrimonio Cultural de Espa&#xF1;a (Granada, Espa&#xF1;a), 11 noviembre - 16 diciembre, 2009</subfield>
  </datafield>
  <datafield tag="650" ind1="1" ind2="4">
    <subfield code="a">Retablos espa&#xF1;oles</subfield>
    <subfield code="y">Siglo XV-XIX</subfield>
    <subfield code="9">10632</subfield>
  </datafield>
  <datafield tag="650" ind1="1" ind2="4">
    <subfield code="a">Pintura religiosa</subfield>
    <subfield code="z">Espa&#xF1;a</subfield>
    <subfield code="9">10633</subfield>
  </datafield>
  <datafield tag="650" ind1="1" ind2="4">
    <subfield code="a">Arte cristiano</subfield>
    <subfield code="9">3474</subfield>
  </datafield>
  <datafield tag="942" ind1=" " ind2=" ">
    <subfield code="2">lcc</subfield>
    <subfield code="c">B</subfield>
  </datafield>
  <datafield tag="999" ind1=" " ind2=" ">
    <subfield code="c">3826</subfield>
    <subfield code="d">3826</subfield>
  </datafield>
  <datafield tag="952" ind1=" " ind2=" ">
    <subfield code="0">0</subfield>
    <subfield code="1">0</subfield>
    <subfield code="4">0</subfield>
    <subfield code="7">0</subfield>
    <subfield code="a">BRCA</subfield>
    <subfield code="b">BRCA</subfield>
    <subfield code="d">2010-03-22</subfield>
    <subfield code="l">0</subfield>
    <subfield code="o">NA5060 .E87 2009</subfield>
    <subfield code="p">01811</subfield>
    <subfield code="r">2019-03-22 00:00:00</subfield>
    <subfield code="w">2019-03-22</subfield>
    <subfield code="y">B</subfield>
  </datafield>
</record>
